| 000 | 01168nam a22003497a 4500 | ||
|---|---|---|---|
| 001 | 000012896 | ||
| 003 | CHAP | ||
| 005 | 20220329133849.0 | ||
| 008 | 971013s1977 r 00010 d | ||
| 010 | _a11947 | ||
| 011 | _a12919 | ||
| 035 | _a16684 | ||
| 040 | _cCHAP | ||
| 090 | _aTesis | ||
| 100 | 0 | 0 |
_aGómez Aguilar, José Roberto. _949604 |
| 245 | 1 | 0 |
_aIntroducción al muestreo / _c/ Por José Roberto Gómez Aguilar. |
| 260 |
_aChapingo, Méx. : _bEl autor, _c1977. |
||
| 300 | _a259 h. | ||
| 502 | _aTesis (M.C. Esp. en Estadística) -- ENA. CP. Centro de Estadística y Cálculo | ||
| 590 |
_aALEPH _b10 _c20130110 _lUCH01 _h1230 |
||
| 590 |
_aBATCH-UPD _b10 _c20130110 _lUCH01 _h1213 |
||
| 590 |
_aBATCH-UPD _b10 _c20130410 _lUCH01 _h0751 |
||
| 590 |
_aBATCH-UPD _b10 _c20130914 _lUCH01 _h1302 |
||
| 590 |
_aCONVERSION _b10 _c20130109 _lUCH01 _h1308 |
||
| 590 |
_aE11695DGD _b10 _c20150602 _lUCH01 _h0905 |
||
| 590 |
_aE11695DGD _b10 _c20150602 _lUCH01 _h0905 |
||
| 650 | 1 | 4 |
_aMuestreo estadístico. _979288 |
| 710 | 0 |
_aENA. Colegio de Postgraduados. Chapingo, Méx. Centro de Estadística y Cálculo. _936681 |
|
| 901 | _aBK | ||
| 942 | _cFOLL | ||
| 942 | _n0 | ||
| 999 |
_c11947 _d11947 |
||